| 000 | 00920cam a2200313 i 4500 | ||
|---|---|---|---|
| 999 |
_c200429222 _d47146 |
||
| 001 | 200429222 | ||
| 003 | TR-AnTOB | ||
| 005 | 20220113145845.0 | ||
| 007 | ta | ||
| 008 | 141218s2006 tu a 000 0 tur d | ||
| 020 | _a9758571176 | ||
| 040 |
_aBGZ _beng _erda _cTR-AnTOB _dTR-AnTOB |
||
| 041 | _atur | ||
| 050 | 0 | _aDR592.K4 | |
| 090 |
_aDR592.K4 _bO933 2006 |
||
| 100 | 1 |
_aÖzdemir, Hikmet, _d1951- _9105577 |
|
| 245 | 1 | 0 |
_aAtatürk'ün liderlik sırları / _cHikmet Özdemir. |
| 264 | 1 |
_aAnkara : _bBaşkent Üniversitesi, _c2006. |
|
| 300 |
_a161 pages : _billustrations ; _c19 cm. |
||
| 336 |
_atext _2rdacontent |
||
| 337 |
_aunmediated _2rdamedia |
||
| 338 |
_avolume _2rdacarrier |
||
| 504 | _aIncludes bibliographical references. | ||
| 600 | 1 | 0 |
_aAtatürk, Mustafa Kemal _d1881-1938 _920781 |
| 650 | 0 |
_aLeadership _91907 |
|
| 650 | 0 |
_aLiderlik _96766 |
|
| 942 |
_2lcc _cBK |
||